000 00322nam a22001217a 4500
008 160428b xxu||||| |||| 00| 0 eng d
020 _a9780323026017
020 _a032302601
041 _aeng
080 _a618.2
245 _aClinical nursing skills techniques;
_cAnne Griffin Perry; Patricia A. Potter;
942 _2udc
_cBK
999 _c1658
_d1658